00529nam a22001577a 4500008004100000040001800041041000800059100004100067245005900108260005800167300001800225500002100243650003200264650002300296650005200319130821s1910 gw gr eng  aCo-BoUCMbspa00aeng aChesterton, Gilbert Keithd1874-193600aWhat's wrong with the worls?cGilbert Keith Chesterton aLeipzig (Sajonia, Alemania)bBernhard Tauchnitzc1910 a280 páginas aIncluye índice04aEnsayos, conferencias, etc.04aLiteratura inglesa04aLiteratura inglesavEnsayos, conferencias, etc.